[Event "54th Groningen Open 2016"]
[Site "Groningen NED"]
[Date "2016.12.24"]
[Round "4.17"]
[White "Krasenkova, Ilena"]
[Black "Van Delft, Merijn"]
[Result "1-0"]
[WhiteTitle "WIM"]
[BlackTitle "IM"]
[WhiteElo "2045"]
[BlackElo "2376"]
[WhiteFideId "4119037"]
[BlackFideId "1004670"]
[EventDate "2016.12.21"]

1. c4 Nf6 2. d4 g6 3. Nc3 Bg7 4. e4 d6 5. f4 O-O 6. Nf3 Na6 7. Be2 e5 8. dxe5
dxe5 9. Qxd8 Rxd8 10. fxe5 Ng4 11. Bf4 Re8 12. Rd1 c6 13. h3 Nxe5 14. Bxe5 Bxe5
15. Nxe5 Rxe5 16. Rd8+ Kg7 17. O-O Rb8 18. b4 Be6 19. Rxb8 Nxb8 20. c5 Nd7 21.
Rd1 Kf6 22. Kf2 Ke7 23. g4 Nf6 24. Bf3 h5 25. Kg3 hxg4 26. hxg4 g5 27. Rh1 Bd7
28. Rh8 Be8 29. Kf2 Nd7 30. Ne2 Nf8 31. Nd4 Bd7 32. Ke3 b6 33. cxb6 axb6 34. Be2
f6 35. Bc4 Ng6 36. Rh7+ Kd8 37. Rf7 c5 38. Nf3 Bc6 39. Nd2 cxb4 40. Rxf6 Ne7 41.
Kd4 Ra5 42. Nf3 Bb5 43. Bb3 Nc6+ 44. Ke3 Kc7 45. Nxg5 Ne5 46. Ne6+ Kd7 47. Nf8+
Kc7 48. Ne6+ Kd7 49. Kf4 Nd3+ 50. Kg3 Nc1 51. Nd4 Bd3 52. Kf4 Nxa2 53. Rxb6 Kc7
54. Rc6+ Kb7 55. Rf6 Nc3 56. Rf7+ Kb6 57. e5 Nd5+ 58. Kg5 Ne3 59. Rf6+ Kb7 60.
Re6 Bc4 61. Bxc4 Nxc4 62. Kf6 Rd5 63. Nb3 Nd2 64. Rd6 Ne4+ 65. Ke6 Rb5 66. Rd7+
Kc8 67. Rd4 Ng5+ 68. Kf6 Nh7+ 69. Kf5 Nf8 70. g5 Nd7 71. Re4 Kd8 72. Nd4 Rb6 73.
g6 1-0

[Event "54th Groningen Open 2016"]
[Site "Groningen NED"]
[Date "2016.12.24"]
[Round "4.18"]
[White "Maris, Ivo"]
[Black "Gerlagh, Joris"]
[Result "1-0"]
[WhiteTitle "FM"]
[WhiteElo "2345"]
[BlackElo "2269"]
[WhiteFideId "1028146"]
[BlackFideId "1038834"]
[EventDate "2016.12.21"]

1. Nf3 Nf6 2. d4 g6 3. Bf4 Bg7 4. e3 c5 5. c3 b6 6. a4 Bb7 7. a5 cxd4 8. exd4
bxa5 9. Nbd2 O-O 10. Be2 d6 11. h3 Bc6 12. O-O Nbd7 13. Nc4 a4 14. Ne3 Nb6 15.
c4 Rc8 16. Rc1 Re8 17. Re1 Bxf3 18. Bxf3 e5 19. dxe5 dxe5 20. Bg5 Qxd1 21. Rexd1
e4 22. Be2 Nfd7 23. Rc2 Rc5 24. Nd5 Nxd5 25. Rxd5 Rxd5 26. cxd5 Rb8 27. Rc7 Nb6
28. d6 Bxb2 29. d7 Be5 30. d8=Q+ Rxd8 31. Bxd8 Bxc7 32. Bxc7 a3 33. Be5 f5 34.
Bd1 Kf8 35. Bd6+ 1-0

[Event "54th Groningen Open 2016"]
[Site "Groningen NED"]
[Date "2016.12.24"]
[Round "4.20"]
[White "Ernst, Sipke"]
[Black "Dehn, Marcus"]
[Result "1-0"]
[WhiteTitle "GM"]
[WhiteElo "2554"]
[BlackElo "2132"]
[WhiteFideId "1004689"]
[BlackFideId "4667093"]
[EventDate "2016.12.21"]

1. Nf3 g6 2. c4 Bg7 3. g3 d6 4. Bg2 Nf6 5. O-O O-O 6. Nc3 Nc6 7. d4 Bg4 8. Be3
Qc8 9. Rc1 Bh3 10. d5 Bxg2 11. Kxg2 Ne5 12. Nxe5 dxe5 13. Bc5 Re8 14. e4 e6 15.
Qd3 Qd7 16. Rfd1 Rad8 17. Qe2 c6 18. dxe6 Qxe6 19. Rxd8 Rxd8 20. Bxa7 Bh6 21.
Rd1 Rxd1 22. Nxd1 Qd6 23. Bb6 c5 24. Ba5 Qa6 25. Bc3 Qxa2 26. Bxe5 Nd7 27. Bc3
Nb6 28. Qd3 Na4 29. Be5 1-0

[Event "54th Groningen Open 2016"]
[Site "Groningen NED"]
[Date "2016.12.24"]
[Round "4.21"]
[White "De Boer, Bas"]
[Black "Swayams, Mishra"]
[Result "1/2-1/2"]
[BlackTitle "IM"]
[WhiteElo "2093"]
[BlackElo "2473"]
[WhiteFideId "1050729"]
[BlackFideId "5028183"]
[EventDate "2016.12.21"]

1. d4 Nf6 2. c4 e6 3. Nc3 Bb4 4. Qc2 Nc6 5. Nf3 d6 6. Bd2 O-O 7. a3 Bxc3 8. Bxc3
Qe7 9. e3 e5 10. Be2 Bg4 11. dxe5 dxe5 12. h3 Bh5 13. Rd1 a5 14. O-O Kh8 15. b4
axb4 16. axb4 e4 17. Nd4 Bxe2 18. Qxe2 Ne5 19. Ra1 Nfd7 20. f4 exf3 21. gxf3 f6
22. c5 Nc6 23. Nf5 Qe6 24. e4 g6 25. Ne3 Rxa1 26. Rxa1 Qxh3 27. Qg2 Qh5 28. Qg4
Qxg4+ 29. Nxg4 h5 30. Ne3 Nce5 31. f4 Nc6 32. Nd5 Kg7 33. Nxc7 Kf7 34. Rd1 Ncb8
35. Rd6 Rc8 36. Nb5 Ke7 37. f5 gxf5 38. exf5 Rc6 39. Rd3 Ne5 40. Rh3 b6 41. Nd4
Rc8 42. Rxh5 bxc5 43. bxc5 Na6 44. Rh7+ Nf7 45. Nb5 Rxc5 46. Nd6 Rxc3 47. Rxf7+
Kxd6 1/2-1/2

[Event "54th Groningen Open 2016"]
[Site "Groningen NED"]
[Date "2016.12.24"]
[Round "4.22"]
[White "Vrolijk, Liam"]
[Black "Vandelacluze, Ian"]
[Result "1-0"]
[WhiteTitle "FM"]
[WhiteElo "2332"]
[BlackElo "2111"]
[WhiteFideId "1048333"]
[BlackFideId "222755"]
[EventDate "2016.12.21"]

1. d4 d5 2. c4 dxc4 3. Nf3 Nf6 4. e3 e6 5. Bxc4 c5 6. O-O a6 7. a4 Nc6 8. Qe2
cxd4 9. Rd1 Be7 10. exd4 O-O 11. Nc3 Nd5 12. Ne4 Na5 13. Ba2 Nb4 14. Bg5 Nxa2
15. Rxa2 h6 16. Bxe7 Qxe7 17. Ne5 b5 18. Ra3 Bb7 19. Rg3 Bxe4 20. Qxe4 Rad8 21.
b4 Qxb4 22. Qg4 g5 23. h4 f6 24. Qxe6+ Kg7 25. hxg5 hxg5 26. Qf5 1-0

[Event "54th Groningen Open 2016"]
[Site "Groningen NED"]
[Date "2016.12.24"]
[Round "4.23"]
[White "Elgersma, Simon"]
[Black "Gomes, Mary Ann"]
[Result "0-1"]
[BlackTitle "WGM"]
[WhiteElo "2070"]
[BlackElo "2302"]
[WhiteFideId "1046101"]
[BlackFideId "5013623"]
[EventDate "2016.12.21"]

1. e4 c5 2. Nf3 a6 3. c3 d5 4. exd5 Qxd5 5. d4 Nc6 6. Be3 cxd4 7. cxd4 Nf6 8.
Nc3 Qd6 9. Be2 g6 10. O-O Bg7 11. Qd2 Be6 12. Rfd1 Bd5 13. Bf4 Qd8 14. Ne5 Rc8
15. Nxd5 Nxd5 16. Bg4 f5 17. Nxc6 Rxc6 18. Bf3 O-O 19. Be5 Qd7 20. Re1 e6 21.
Bxg7 Kxg7 22. Re5 Rd6 23. Rae1 Nc7 24. Qb4 Rxd4 25. Qxb7 Rf7 26. Rc1 Qd6 27.
Rec5 Nb5 28. Qc8 Rd2 29. R5c2 Rxc2 30. Rxc2 Nd4 31. Qc3 e5 32. Rc1 Rd7 33. Bd1
e4 34. Bb3 Qf6 35. Qc8 Re7 36. Qg8+ Kh6 37. Kh1 f4 38. Qc8 e3 39. Qh3+ Kg7 40.
fxe3 fxe3 41. Re1 e2 42. Kg1 Nxb3 43. axb3 Qd4+ 44. Kh1 Rf7 45. g3 Qd2 0-1

[Event "54th Groningen Open 2016"]
[Site "Groningen NED"]
[Date "2016.12.24"]
[Round "4.24"]
[White "Lewin, Tammo"]
[Black "Schippers, Maurice"]
[Result "0-1"]
[WhiteElo "2041"]
[BlackElo "2288"]
[WhiteFideId "4668596"]
[BlackFideId "1004735"]
[EventDate "2016.12.21"]

1. Nc3 c5 2. Nf3 Nc6 3. d4 cxd4 4. Nxd4 Nf6 5. Bg5 Qa5 6. Bxf6 gxf6 7. e3 e6 8.
Nxc6 bxc6 9. Qd4 Bg7 10. Qd6 f5 11. O-O-O Be5 12. Qd3 d5 13. Be2 Rb8 14. f4 Bf6
15. Kd2 Rxb2 16. Rb1 Ba6 0-1

[Event "54th Groningen Open 2016"]
[Site "Groningen NED"]
[Date "2016.12.24"]
[Round "4.25"]
[White "De Boer, Eelke"]
[Black "Nandhidhaa, PV"]
[Result "1/2-1/2"]
[BlackTitle "WIM"]
[WhiteElo "2027"]
[BlackElo "2251"]
[WhiteFideId "1048120"]
[BlackFideId "5050847"]
[EventDate "2016.12.21"]

1. e4 c5 2. Nf3 e6 3. d4 cxd4 4. Nxd4 Nc6 5. Nc3 Qc7 6. Be3 a6 7. Qf3 Bd6 8.
O-O-O Be5 9. g3 b5 10. Kb1 Bb7 11. Qe2 b4 12. Na4 Nf6 13. Bg2 Nxd4 14. Bxd4 Bc6
15. Bxe5 Qxe5 16. Nb6 Rd8 17. Nc4 Bb5 18. Nxe5 Bxe2 19. Rd2 Bb5 20. Rhd1 Ke7 21.
Rd4 d6 22. Nd3 a5 23. e5 dxe5 24. Nxe5 Rxd4 25. Rxd4 Rc8 26. b3 Nd7 27. Nxd7
Bxd7 28. f4 Rc5 29. Bf3 f6 30. a3 bxa3 31. c4 e5 32. fxe5 fxe5 33. Rd5 Rxd5 34.
Bxd5 Be6 35. Be4 a4 36. Ka2 axb3+ 37. Kxb3 Bxc4+ 38. Kxa3 Kf6 39. Kb4 Bf7 40.
Kc3 Bg6 41. Bg2 Kg5 42. Kd2 h5 43. Ke3 Bf5 44. Bf1 h4 45. gxh4+ Kxh4 46. Bg2 g6
47. Kf3 g5 48. Ke3 Bh3 49. Bd5 Bf1 50. Ke4 Bg2+ 51. Kxe5 Bxd5 52. Kxd5 Kh3 53.
Ke5 Kxh2 54. Kf5 g4 55. Kxg4 1/2-1/2

[Event "54th Groningen Open 2016"]
[Site "Groningen NED"]
[Date "2016.12.24"]
[Round "4.26"]
[White "Aradhya, Garg"]
[Black "Li, Zhaoyang"]
[Result "1-0"]
[WhiteElo "2231"]
[BlackElo "2002"]
[WhiteFideId "25006746"]
[BlackFideId "8608237"]
[EventDate "2016.12.21"]

1. d4 Nf6 2. c4 g6 3. Nf3 Bg7 4. g3 O-O 5. Bg2 d5 6. cxd5 Nxd5 7. O-O Nc6 8. e4
Nb6 9. d5 Na5 10. Qe1 Nac4 11. Nc3 e6 12. b3 Qf6 13. bxc4 Qxc3 14. Qxc3 Bxc3 15.
Rb1 exd5 16. cxd5 Re8 17. Bd2 Bg7 18. Rfe1 Bd7 19. Ba5 c6 20. d6 Nc4 21. Rxb7
Bc8 22. Re7 Nxd6 23. Rxe8+ Nxe8 24. e5 f6 25. Nd4 fxe5 26. Nxc6 Bb7 27. Ne7+ Kf8
28. Bxb7 Rb8 29. Nxg6+ hxg6 30. Rb1 Bf6 31. Be4 Rxb1+ 32. Bxb1 Kf7 33. h4 Nd6
34. a3 Nb5 35. Ba2+ Kg7 36. Bb4 Bd8 37. Bc5 Bb6 38. Bxb6 axb6 39. a4 Nc3 40. Bb3
Kf6 41. Kf1 g5 42. Ke1 gxh4 43. gxh4 Kf5 44. f3 e4 45. Bc2 Ke5 46. fxe4 Nxa4 47.
h5 Nc5 48. h6 Kf6 49. e5+ Kf7 50. Kd2 Kf8 51. Bf5 Kf7 52. Kc3 Kf8 53. e6 1-0

[Event "54th Groningen Open 2016"]
[Site "Groningen NED"]
[Date "2016.12.24"]
[Round "4.27"]
[White "Van Dael, Siem"]
[Black "Van Meegen, Ruud"]
[Result "0-1"]
[WhiteElo "2017"]
[BlackElo "2183"]
[WhiteFideId "1049771"]
[BlackFideId "1034995"]
[EventDate "2016.12.21"]

1. Nf3 c5 2. e4 g6 3. d4 cxd4 4. Nxd4 Bg7 5. c4 Nc6 6. Be3 Nf6 7. Nc3 d6 8. Be2
O-O 9. O-O Bd7 10. Qd2 Nxd4 11. Bxd4 Bc6 12. f3 a5 13. b3 Nd7 14. Be3 Nc5 15.
Rab1 e6 16. Rfd1 Be5 17. Bd4 Qe7 18. Nb5 Rfd8 19. Qc3 Bxd4+ 20. Nxd4 e5 21. Nc2
Ne6 22. Ne3 Nd4 23. Rd2 Qg5 24. Rbd1 f5 25. Rxd4 exd4 26. Qxd4 f4 27. Nd5 Bxd5
28. cxd5 Qe7 29. Bc4 Rac8 30. Qd2 Qc7 31. Kh1 Rf8 32. e5 Qc5 33. e6 Rf5 34. a4
Rc7 35. Re1 Re7 36. h3 b6 37. Re4 g5 38. Qd3 Qa3 39. Kh2 Qa1 40. Bb5 Re5 41. Bc6
Rxe4 42. Qxe4 Kg7 43. Bd7 Kf6 44. Bb5 Rc7 45. Bc6 Qe5 46. Qb1 h5 47. Bd7 g4 48.
hxg4 hxg4 49. Qh7 g3+ 50. Kh3 Qf5+ 51. Qxf5+ Kxf5 52. Kh4 Kf6 53. Kg4 Rc2 54.
Kxf4 Rxg2 55. Bc6 Rg1 56. Kg4 Ke7 57. Bb7 g2 58. Kg3 Rb1 59. Kxg2 b5 60. Ba6 b4
61. Bc4 Rc1 62. Be2 Rc3 63. Bd1 Rd3 0-1

[Event "54th Groningen Open 2016"]
[Site "Groningen NED"]
[Date "2016.12.24"]
[Round "4.28"]
[White "Bekedam, Tyro"]
[Black "Krasenkow, Michal"]
[Result "0-1"]
[BlackTitle "GM"]
[WhiteElo "2154"]
[BlackElo "2626"]
[WhiteFideId "1043374"]
[BlackFideId "1113100"]
[EventDate "2016.12.21"]

1. e4 g6 2. d4 Bg7 3. Nc3 d6 4. Be3 c6 5. Qd2 b5 6. Bd3 Nf6 7. f3 e5 8. d5 b4 9.
Nce2 cxd5 10. exd5 O-O 11. Bc4 a5 12. g4 Qc7 13. b3 e4 14. g5 Ng4 15. Bd4 e3 16.
Qc1 Nf2 17. Bxg7 Kxg7 18. Qxe3 Nxh1 19. f4 Ba6 20. Nf3 Bxc4 21. Qd4+ Kg8 22.
bxc4 Nd7 23. Nd2 Rfe8 24. Kf1 Qc5 25. Qxc5 Nxc5 26. Nd4 Ne4 27. Nxe4 Rxe4 28.
Nc6 Rxf4+ 29. Kg2 Rxc4 30. Kxh1 Rxc2 31. Kg1 Re8 32. Nxa5 Ree2 33. Nc6 Rg2+ 34.
Kf1 Rcf2+ 35. Ke1 Rxh2 36. Nxb4 Rb2 37. Nd3 Rh1# 0-1

[Event "54th Groningen Open 2016"]
[Site "Groningen NED"]
[Date "2016.12.24"]
[Round "4.29"]
[White "Boersma, Jan"]
[Black "Vos, Tjark"]
[Result "0-1"]
[WhiteElo "2088"]
[BlackElo "2183"]
[WhiteFideId "1003267"]
[BlackFideId "1020870"]
[EventDate "2016.12.21"]

1. e4 e6 2. d4 d5 3. Nc3 Bb4 4. Ne2 dxe4 5. a3 Be7 6. Nxe4 Nd7 7. Bf4 Ngf6 8.
Qd3 b6 9. O-O-O Bb7 10. N2c3 O-O 11. Nxf6+ Nxf6 12. Qh3 Nd5 13. Bd3 g6 14. Bd2
Bg5 15. Ne2 Bxd2+ 16. Rxd2 Rc8 17. Qh6 c5 18. dxc5 Rxc5 19. Ng3 Qe7 20. Re1 Ra5
21. c4 Rc8 22. Nh5 Qf8 23. Qg5 Nb4 24. Nf6+ Kh8 25. Qh4 Nxd3+ 26. Rxd3 Rxc4+ 27.
Qxc4 Rc5 28. Rc3 Qh6+ 29. f4 Rxc4 30. Rxc4 Qxh2 31. g4 Qh4 0-1

[Event "54th Groningen Open 2016"]
[Site "Groningen NED"]
[Date "2016.12.24"]
[Round "4.31"]
[White "Willemsma, Abe"]
[Black "Markus, John Raymond"]
[Result "1/2-1/2"]
[WhiteElo "2087"]
[BlackElo "2098"]
[WhiteFideId "1011561"]
[BlackFideId "1001213"]
[EventDate "2016.12.21"]

1. e4 e5 2. Nf3 Nc6 3. Bb5 Nge7 4. d4 exd4 5. Nxd4 g6 6. c3 Bg7 7. O-O O-O 8.
Bg5 Nxd4 9. cxd4 h6 10. Be3 c6 11. Bc4 d5 12. exd5 Nxd5 13. Qd2 Kh7 14. Bxd5
Qxd5 15. Nc3 Qd8 16. Rad1 Be6 17. d5 cxd5 18. Nxd5 b6 19. b3 Rc8 20. h3 Bxd5 21.
Qxd5 Qxd5 22. Rxd5 Rc2 23. a4 Rb2 24. Rb5 Rc8 25. Rd1 Rc3 26. Rd7 Kg8 27. Rd8+
Kh7 28. Rd7 1/2-1/2

[Event "54th Groningen Open 2016"]
[Site "Groningen NED"]
[Date "2016.12.24"]
[Round "4.32"]
[White "Henseler, Jorgen"]
[Black "Heemskerk, Wim"]
[Result "1/2-1/2"]
[BlackTitle "FM"]
[WhiteElo "2060"]
[BlackElo "2217"]
[WhiteFideId "1023233"]
[BlackFideId "1001000"]
[EventDate "2016.12.21"]

1. e4 e6 2. d4 d5 3. Nc3 Nf6 4. Bg5 dxe4 5. Nxe4 Be7 6. Bxf6 gxf6 7. Nf3 a6 8.
Bd3 b5 9. Qe2 Bb7 10. O-O-O f5 11. Ng3 h5 12. h4 Kf8 13. Kb1 Bf6 14. Rhe1 Bd5
15. Ng5 Nc6 16. f4 Nxd4 17. Qf2 b4 18. Be2 c5 19. Nxh5 Bxg5 20. hxg5 Qa5 21.
Rxd4 cxd4 22. Qxd4 Rh7 23. b3 Rc8 24. g6 fxg6 25. Qf6+ Kg8 26. Qxg6+ Kh8 27. Nf6
Rh2 28. Nxd5 Qxd5 29. Qf6+ Kh7 30. Qf7+ Kh8 31. Qf6+ Kh7 32. Qf7+ 1/2-1/2

[Event "54th Groningen Open 2016"]
[Site "Groningen NED"]
[Date "2016.12.26"]
[Round "5.1"]
[White "Chigaev, Maksim"]
[Black "Liu, Guanchu"]
[Result "1-0"]
[WhiteTitle "GM"]
[BlackTitle "IM"]
[WhiteElo "2531"]
[BlackElo "2418"]
[WhiteFideId "4108116"]
[BlackFideId "8603901"]
[EventDate "2016.12.21"]

1. Nf3 f5 2. d3 Nc6 3. d4 e6 4. g3 Nf6 5. Bg2 Be7 6. c4 Bb4+ 7. Nc3 O-O 8. O-O
Bxc3 9. bxc3 d6 10. Ba3 Ne4 11. Qd3 Na5 12. c5 b6 13. Bb4 Nc6 14. Nd2 bxc5 15.
Ba3 cxd4 16. cxd4 Rb8 17. Nxe4 fxe4 18. Bxe4 Nb4 19. Bxh7+ Kh8 20. Bxb4 Rxb4 21.
a3 Ra4 22. Qb5 Rxd4 23. Qh5 Rd5 24. Bf5+ Kg8 25. Qh7+ Kf7 26. Bg6+ Kf6 27. Bh5
Rf5 28. Qg6+ Ke5 29. Qxg7+ 1-0

[Event "54th Groningen Open 2016"]
[Site "Groningen NED"]
[Date "2016.12.26"]
[Round "5.2"]
[White "Gao, Rui"]
[Black "Tiviakov, Sergei"]
[Result "0-1"]
[WhiteTitle "GM"]
[BlackTitle "GM"]
[WhiteElo "2551"]
[BlackElo "2609"]
[WhiteFideId "8602387"]
[BlackFideId "1008013"]
[EventDate "2016.12.21"]

1. e4 e6 2. d4 d5 3. Nc3 dxe4 4. Nxe4 Nd7 5. Nf3 Ngf6 6. Nxf6+ Nxf6 7. c3 c5 8.
Ne5 a6 9. Be3 Qc7 10. Qa4+ Bd7 11. Nxd7 Qxd7 12. Qxd7+ Nxd7 13. O-O-O cxd4 14.
Bxd4 O-O-O 15. f4 Rg8 16. Bd3 g6 17. Be4 Bh6 18. g3 e5 19. Be3 Rge8 20. Bc2 exf4
21. Bxf4 Bxf4+ 22. gxf4 f5 23. h4 Nf6 24. h5 Rxd1+ 25. Kxd1 Nd5 26. hxg6 hxg6
27. Rh6 Nxf4 28. Rxg6 Nxg6 29. Bxf5+ Kc7 30. Bxg6 Rh8 31. b4 Rh2 32. Bf7 Kd6 33.
Kc1 Rf2 34. Bc4 Ke5 35. a4 Rf4 36. Bb3 Ke4 37. Bc2+ Ke3 38. a5 Rc4 39. Kb2 Kd2
40. Bb3 Rxc3 41. Bd5 Rc7 42. Kb3 Kd3 43. Bh1 Kd4 44. Bg2 Rf7 45. Bh1 Rg7 46. Ka3
Kc4 47. Be4 Re7 48. Bh1 Rh7 49. Bg2 Rf7 50. Be4 Rg7 51. Bh1 Re7 52. Bg2 Re3+ 53.
Ka4 Re1 54. Ka3 Ra1+ 55. Kb2 Ra4 56. b5 Rb4+ 0-1

[Event "54th Groningen Open 2016"]
[Site "Groningen NED"]
[Date "2016.12.26"]
[Round "5.3"]
[White "Van Foreest, Lucas"]
[Black "Bai, Jinshi"]
[Result "0-1"]
[BlackTitle "GM"]
[WhiteElo "2395"]
[BlackElo "2544"]
[WhiteFideId "1039792"]
[BlackFideId "8602280"]
[EventDate "2016.12.21"]

1. e4 c5 2. Nf3 Nc6 3. c3 d5 4. exd5 Qxd5 5. d4 Bf5 6. dxc5 Qxd1+ 7. Kxd1 O-O-O+
8. Ke1 Nf6 9. b4 Nd5 10. Bd2 e5 11. Na3 a5 12. Nh4 Be6 13. Nc2 e4 14. g3 Be7 15.
Rc1 Ne5 16. Be2 Bh3 17. Ne3 Nxe3 18. Bxe3 g5 19. f4 Nd3+ 20. Bxd3 Rxd3 21. Bd4
Rd8 22. fxg5 Bxg5 23. Rb1 axb4 24. Rxb4 Bg4 25. Rb1 Bd2+ 26. Kf2 e3+ 27. Kg2 e2
28. Bf2 Be6 29. Rhg1 Bd5+ 30. Kh3 Be6+ 31. Kg2 Bxc3 32. Rbc1 Bd5+ 33. Kh3 Be6+
34. Kg2 Bd5+ 35. Kh3 Rd1 36. g4 Bc6 37. Rxc3 Rxg1 38. Re3 Rf1 39. Rxe2 Rxf2 0-1

[Event "54th Groningen Open 2016"]
[Site "Groningen NED"]
[Date "2016.12.26"]
[Round "5.4"]
[White "Zwirs, Nico"]
[Black "Gleizerov, Evgeny"]
[Result "1/2-1/2"]
[BlackTitle "GM"]
[WhiteElo "2388"]
[BlackElo "2518"]
[WhiteFideId "1036432"]
[BlackFideId "4101332"]
[EventDate "2016.12.21"]

1. e4 e6 2. d4 d5 3. Nd2 Nf6 4. e5 Nfd7 5. c3 c5 6. Bd3 Nc6 7. Ne2 cxd4 8. cxd4
f6 9. exf6 Nxf6 10. O-O Bd6 11. Nf3 O-O 12. Bf4 Bxf4 13. Nxf4 Ng4 14. g3 g5 15.
Ng2 Qf6 16. Be2 Nh6 17. Qd2 Nf5 18. Rad1 g4 19. Ne5 Nfxd4 20. Nxg4 Qg7 21. f4
Bd7 22. Ne5 Nxe2+ 23. Qxe2 Nxe5 24. fxe5 a6 25. Rf4 Kh8 26. Qe3 Rxf4 27. Nxf4
Rc8 28. Rf1 Bb5 29. Rf2 Qg4 30. Kg2 Bc6 31. Kg1 Bb5 32. Kg2 Bc6 33. Kg1 1/2-1/2

[Event "54th Groningen Open 2016"]
[Site "Groningen NED"]
[Date "2016.12.26"]
[Round "5.5"]
[White "Ulybin, Mikhail"]
[Black "Soumya, Swaminathan"]
[Result "1-0"]
[WhiteTitle "GM"]
[BlackTitle "WGM"]
[WhiteElo "2483"]
[BlackElo "2384"]
[WhiteFideId "4101405"]
[BlackFideId "5016193"]
[EventDate "2016.12.21"]

1. d4 d5 2. c4 c6 3. Nf3 Nf6 4. e3 Bg4 5. h3 Bxf3 6. Qxf3 e6 7. a3 Nbd7 8. Nc3
Be7 9. Bd2 dxc4 10. Bxc4 e5 11. Qg3 Nh5 12. Qf3 Nhf6 13. Qg3 Nh5 14. Qg4 g6 15.
d5 Nhf6 16. Qe2 cxd5 17. Nxd5 Nxd5 18. Bxd5 O-O 19. Bc3 Qb6 20. O-O Rac8 21.
Rfd1 Qc7 22. Rac1 Nf6 23. Ba2 Bd6 24. Qf3 Qe7 25. Rd2 Rc6 26. Rdd1 Rfc8 27. e4
Kg7 28. Rc2 b5 29. Qd3 a5 30. Rdc1 b4 31. axb4 axb4 32. Bd2 Rxc2 33. Rxc2 Rxc2
34. Qxc2 Qb7 35. Qd3 Bc5 36. Bd5 Nxd5 37. exd5 Qa7 38. Be3 Bxe3 39. fxe3 f5 40.
d6 Qd7 41. Qd5 Kf6 42. Kf2 e4 43. Ke2 g5 44. g3 h5 45. h4 gxh4 46. gxh4 Kg6 47.
Kf2 Kf6 48. b3 Kg6 49. Kg3 Qg7 50. d7 Kh6+ 51. Kh2 Qg4 52. Qd6+ Kh7 53. Qe7+ Kh6
54. Qg5+ 1-0

[Event "54th Groningen Open 2016"]
[Site "Groningen NED"]
[Date "2016.12.26"]
[Round "5.6"]
[White "Ypma, Peter"]
[Black "Ten Hertog, Hugo"]
[Result "1-0"]
[BlackTitle "IM"]
[WhiteElo "2260"]
[BlackElo "2453"]
[WhiteFideId "1027255"]
[BlackFideId "1026356"]
[EventDate "2016.12.21"]

1. b3 g6 2. Bb2 Nf6 3. Bxf6 exf6 4. c4 b6 5. Nc3 Bb7 6. Nf3 f5 7. e3 f4 8. e4
Bg7 9. Bd3 Nc6 10. Rc1 g5 11. Bb1 g4 12. Ng1 Qg5 13. Kf1 h5 14. h4 Qh6 15. Nd5
O-O-O 16. Ne2 f3 17. gxf3 gxf3 18. Ng3 Nd4 19. Ne7+ Kb8 20. Nef5 Qf6 21. Rc3
Nxf5 22. Nxf5 Bh6 23. Rxf3 Qb2 24. d3 Rdg8 25. Rg1 Bf8 26. Rfg3 Rxg3 27. Rxg3 a5
28. Qc2 Qe5 29. d4 Qf4 30. d5 Bc5 31. Qb2 Re8 32. a3 Rxe4 33. Bxe4 Qxe4 34. Rg5
Qh1+ 35. Ke2 Qe4+ 36. Ne3 Qxh4 37. Qh8+ Ka7 38. Rxh5 Qe4 39. Qh7 Qd4 40. a4 d6
41. Qd3 Qb2+ 42. Qc2 Qf6 43. Rf5 Qg7 44. Rf3 Bc8 45. Kf1 Qa1+ 46. Kg2 Qg7+ 47.
Rg3 Qf8 48. Qh7 Qe7 49. Rf3 Kb8 50. Qxf7 Qe4 51. Qf4 Qb1 52. Nf5 Kb7 53. Nd4
Qg6+ 54. Rg3 Qh7 55. Ne6 1-0

[Event "54th Groningen Open 2016"]
[Site "Groningen NED"]
[Date "2016.12.26"]
[Round "5.7"]
[White "Werle, Jan"]
[Black "Maris, Ivo"]
[Result "1-0"]
[WhiteTitle "GM"]
[BlackTitle "FM"]
[WhiteElo "2560"]
[BlackElo "2345"]
[WhiteFideId "1006088"]
[BlackFideId "1028146"]
[EventDate "2016.12.21"]

1. d4 Nf6 2. c4 e6 3. Nf3 d5 4. Nc3 c5 5. cxd5 Nxd5 6. e4 Nxc3 7. bxc3 cxd4 8.
cxd4 Bb4+ 9. Bd2 Bxd2+ 10. Qxd2 O-O 11. Bc4 Nd7 12. O-O b6 13. Rfe1 Bb7 14. Rad1
Rc8 15. Bd3 Qe7 16. Bb1 e5 17. d5 Rfd8 18. Qb2 Rc4 19. Nd2 Rb4 20. Qa3 a5 21.
Rc1 Qd6 22. Nc4 Qh6 23. Ne3 Nc5 24. Rc4 Rb5 25. Qc3 Qg5 26. Bc2 a4 27. Bxa4 Ra5
28. Bb3 Ba6 29. Rb4 Nd3 30. Rxb6 Rc5 31. Qd2 Nxe1 32. Qxe1 Bd3 33. Rc6 Rxc6 34.
dxc6 Bxe4 35. c7 Rc8 36. Qb4 Bxg2 37. h4 Qg6 38. Nxg2 Qf6 39. Qb8 Qf5 40. Bc4
Qd7 41. Ba6 1-0

[Event "54th Groningen Open 2016"]
[Site "Groningen NED"]
[Date "2016.12.26"]
[Round "5.8"]
[White "Hopman, Pieter"]
[Black "Karthikeyan, P."]
[Result "0-1"]
[WhiteTitle "FM"]
[BlackTitle "IM"]
[WhiteElo "2345"]
[BlackElo "2474"]
[WhiteFideId "1005669"]
[BlackFideId "5018226"]
[EventDate "2016.12.21"]

1. d4 Nf6 2. c4 e6 3. Nf3 b6 4. a3 Bb7 5. Nc3 g6 6. d5 Bg7 7. e4 O-O 8. Be2 exd5
9. exd5 c6 10. O-O Re8 11. Bg5 h6 12. Be3 Na6 13. dxc6 dxc6 14. h3 Qe7 15. Qc2
Nc5 16. Rad1 Nfe4 17. Nxe4 Nxe4 18. Rfe1 c5 19. Nd2 Qf6 20. Bf3 Qxb2 21. Qxb2
Bxb2 22. Bxh6 Nd6 23. Bxb7 Nxb7 24. Ne4 Na5 25. Nd6 Rxe1+ 26. Rxe1 Rd8 27. Bf4
Bxa3 28. g4 Bb2 29. Re7 Nc6 30. Rb7 Be5 31. Bxe5 Nxe5 32. Ne4 Rd4 33. Ng5 Rd7
34. Rxd7 Nxd7 35. f4 a5 36. Ne4 a4 37. Nc3 a3 38. Kf2 Nb8 39. Ke3 Nc6 40. Kd2
Nb4 41. Kc1 Nd3+ 42. Kc2 Nxf4 43. h4 Ng2 44. Kb3 Ne3 45. g5 Kf8 46. Kxa3 Nxc4+
47. Ka4 Nd6 48. Nd5 b5+ 49. Ka5 b4 50. Ka4 Ke8 51. Kb3 Kd7 52. Nf4 Ne4 53. Kc4
Kd6 54. Nd3 Nd2+ 55. Kb5 b3 56. Nb2 Kd5 0-1

[Event "54th Groningen Open 2016"]
[Site "Groningen NED"]
[Date "2016.12.26"]
[Round "5.9"]
[White "Deepan, Chakkravarthy J."]
[Black "Brink, Barry"]
[Result "1/2-1/2"]
[WhiteTitle "GM"]
[BlackTitle "FM"]
[WhiteElo "2471"]
[BlackElo "2299"]
[WhiteFideId "5011132"]
[BlackFideId "1009451"]
[EventDate "2016.12.21"]

1. d4 Nf6 2. Nf3 e6 3. c4 d5 4. g3 Be7 5. Bg2 O-O 6. O-O dxc4 7. Qc2 a6 8. a4
Bd7 9. Qxc4 Bc6 10. Nc3 b5 11. Qd3 b4 12. Nb1 Be4 13. Qd1 c5 14. Nbd2 Bd5 15.
dxc5 Nbd7 16. c6 Bxc6 17. Nb3 Nc5 18. Nxc5 Bxc5 19. Qxd8 Rfxd8 20. Bg5 Rac8 21.
Rfc1 Bd5 22. Ne5 Bxg2 23. Kxg2 Bd4 24. Bxf6 gxf6 25. Nd3 b3 26. Kf3 f5 27. e3
Bf6 28. Rxc8 Rxc8 29. Rc1 Rxc1 30. Nxc1 Bxb2 31. Nxb3 Ba3 32. e4 fxe4+ 33. Kxe4
f5+ 34. Kd4 Kf7 35. Kc4 e5 36. a5 Bb2 37. Nc5 Bd4 38. Nd3 Ke6 39. Nc5+ Kd6 40.
Nd3 Ba7 41. f3 Be3 42. Nb4 1/2-1/2